| 000 | 00737nam a2200205 i 4500 | ||
|---|---|---|---|
| 001 | 44243 | ||
| 003 | ES-MaACL | ||
| 005 | 20230906161002.0 | ||
| 007 | t| | ||
| 008 | 030320s1959 sp ||||1| spa d | ||
| 245 | 0 | 3 |
_aLa ciencia económica ante la "inutilidad" del socialismo / _cMax Eastman ... [et al.] ; [versión directa del inglés por José Vicente Torrente Secorum]. |
| 260 |
_aValencia : _b[s.n.], _c1959 ( _fTip. P. Quiles) |
||
| 300 |
_a175 p. ; _c22 cm. |
||
| 490 | 1 | _aBiblioteca de estudios económicos | |
| 700 | 1 |
_aEastman, Max. _946451 |
|
| 700 | 1 |
_aTorrente Secorum, José Vicente. _9110857 |
|
| 830 | 0 |
_aBiblioteca de estudios económicos _9182693 |
|
| 852 |
_aES-MaACL _jC-17469 _bR.44611 |
||
| 999 |
_c44243 _d44243 |
||